Tales of Hitopadesha (Record no. 57743)

MARC details
000 -LEADER
fixed length control field 00602nam a22001937a 4500
005 - DATE AND TIME OF LATEST TRANSACTION
control field 2011101801031.0
010 ## - LCCN (DPL NO)
LC control number G-001743
020 ## - INTERNATIONAL STANDARD BOOK NUMBER
Terms of availability 60.00
035 1d - SYSTEM CONTROL NUMBER
System control number G-001743
037 ## - SOURCE OF ACQUISITION
Source of stock number/acquisition Gift
082 ## - DEWEY DECIMAL CLASSIFICATION NUMBER
Classification number S
245 ## - TITLE STATEMENT
Title Tales of Hitopadesha
260 ## - PUBLICATION, DISTRIBUTION, ETC. (IMPRINT)
Place of publication, distribution, etc Jaipur
Name of publisher, distributor, etc Shyam Prakashan
Date of publication, distribution, etc 2009
270 ## - ADDRESS
Address 1926, Nataniyon Ka Rasta,
City Jaipur
Postal code 302003
300 ## - PHYSICAL DESCRIPTION
Extent 64p.
Dimensions 21cm(pbk)
942 ## - ADDED ENTRY ELEMENTS (KOHA)
Source of classification or shelving scheme Dewey Decimal Classification
Item type Children Books
Classification part S
Call number suffix TAL
Holdings
Withdrawn status Lost status Not for loan Collection code Home library Current library Date acquired Source of acquisition Cost, normal purchase price Full call number Barcode Copy number Cost, replacement price Koha item type
      Fiction Janak Puri Janak Puri 18/10/2011 gift 60.00 S TAL G-001743 1 60.00 Children Books

© Delhi Public Library
Hit Counter
free hit counter